000 00478nam a2200205Ia 4500
001 14334
003 GE_BSU
008 181216s||||||||xx |||||||||||||| ||und||
020 _a0297994271
040 _cGE_BSU
080 _a94(410)
100 _aFalkus,Chritopher
245 4 _aThe Life and Times of Charles II
260 _aLondon
260 _bBook club Associates
260 _c1972
300 _a223p.26cm.
653 _aThe Life and Times of Charles II
942 _cBK
999 _c47470
_d47470